000 00920nam a22003137a 4500
001 BR0902280
003 BR-BrBNA
005 20230928102934.0
007 ta
008 230509b bl.||||| |||| 00| 0 por d
040 _aBR-BrBNA
_bpor
_cBiblioteca Nacional de Agricultura
041 _a(Por)
072 _aF04
090 _ F04 BR0902280
100 1 _aCavalcanti, F.J. de A.(coord.)
110 1 _aInstituto Agronômico de Pernambuco, Recife (Brasil)
_95656
245 1 _aRecomendações de adubação para o estado de Pernambuco; 2º aproximação
250 1 _a3. ed.
260 3 _aRecife, PE (Brasil):
_c2008.
300 _a212 p.
500 _aSummaries (Eng, Por); Several bibliography; 17 tables; 28 illus.
650 _aADUBAÇÃO
650 _aFERTILIDADE DO SOLO
650 _aCALAGEM
650 _aCALCARIO
650 _aPERNAMBUCO
909 _a202309
_bLucia
_c55
_dLucia Elande
942 _cBK
999 _c73056
_d73056